00518nam a2200169 a 450000100060000000300090000600800410001502000150005604000280007108200190009910000270011824500630014526000540020830000080026265000470027065000310031714216CO-ViMGA141112s2004 ck r 000 u spa d a9589347029 aCO-ViMGAbspacCO-ViMGA04a305.9069 N181i1 aNavarrete P., Maria C.10aInmigrantes de la india oriental en el valle del rio cauca aCali : bImprenta Departamental del Valle, c1996 a20514aVALLE DEL CAUCA - EMIGRACION E INMIGRACION14aVALLE DEL CAUCA - HISTORIA